000 00997nam a2200301Ia 4500
001 41736
003 IT-RoPAU
008 130308s9999 xx 000 0 und d
040 _aIT-RoPAU
040 _cIT-RoPAU
041 _aITALIANO
100 _aGianfranceschi Fausto
100 _gCodice Aut. SPICS: 100
245 _aSenso del corpo (Il)-Segni, linguaggio, simboli
245 _bSenso del Corpo (Il)-Segni, Linguaggio, Simboli
250 _a1a ed.
260 _aMILANO
260 _bRusconi
260 _c1986 [1° Ed.:1986 - Ed.Ling.Originale:1986]
300 _a"120 p. (prefazione: no ; testo: 120)"
500 _aAntropologia Corpo Senso dei Sensi Vista gusto e Stile Orecchio Equilibrio del Corpo Tatto pelle Naso sentimento sapienza delle Membra del Corpo slancio verticale del Corpo Resurrezione della carne Linguaggio dell'arte
650 _aANTROPOLOGIA
650 _eCodice materia Spics: 3501
942 _cBK
957 _71
999 _c66429
_d66429
999 _bSI
999 _g1